Анализ системы менеджмента качества со стороны руководства; Ресурсоэффективные системы в управлении и контроле: взгляд в будущее; Ч. 2

Dades bibliogràfiques
Parent link:Ресурсоэффективные системы в управлении и контроле: взгляд в будущее: сборник научных трудов III Международной конференции школьников, студентов, аспирантов, молодых ученых, 06 - 11 октября 2014 г./ Национальный исследовательский Томский политехнический университет (ТПУ).— , 2014
Ч. 2.— 2014.— [С. 38-41]
Autor principal: Браун А. А.
Autor corporatiu: Национальный исследовательский Томский политехнический университет (ТПУ) Институт неразрушающего контроля (ИНК) Кафедра физических методов и приборов контроля качества (ФМПК)
Altres autors: Калиниченко А. Н. Алексей Николаевич (научный руководитель)
Sumari:Заглавие с титульного экрана
Idioma:rus
Publicat: 2014
Col·lecció:Эффективные системы управления качеством
Matèries:
Accés en línia:http://www.lib.tpu.ru/fulltext/c/2014/C47/V2/011.pdf
Format: MixedMaterials Electrònic Capítol de llibre
KOHA link:https://koha.lib.tpu.ru/cgi-bin/koha/opac-detail.pl?biblionumber=611189

MARC

LEADER 00000naa2a2200000 4500
001 611189
005 20231225161526.0
035 |a (RuTPU)RU\TPU\conf\8915 
035 |a RU\TPU\conf\8894 
090 |a 611189 
100 |a 20150227d2014 k y0rusy50 ca 
101 0 |a rus 
102 |a RU 
105 |a y z 101zy 
135 |a drgn ---uucaa 
181 0 |a i  
182 0 |a b 
200 1 |a Анализ системы менеджмента качества со стороны руководства  |f А. А. Браун  |g науч. рук. А. Н. Калиниченко 
203 |a Текст  |c электронный 
225 1 |a Эффективные системы управления качеством 
300 |a Заглавие с титульного экрана 
320 |a [Библиогр.: с. 41 (4 назв.)] 
337 |a Adobe Reader 
461 1 |0 (RuTPU)RU\TPU\conf\8514  |t Ресурсоэффективные системы в управлении и контроле: взгляд в будущее  |o сборник научных трудов III Международной конференции школьников, студентов, аспирантов, молодых ученых, 06 - 11 октября 2014 г.  |o в 4 ч.  |f Национальный исследовательский Томский политехнический университет (ТПУ)  |d 2014 
463 0 |0 (RuTPU)RU\TPU\conf\8518  |t Ч. 2  |v [С. 38-41]  |d 2014 
610 1 |a труды учёных ТПУ 
610 1 |a электронный ресурс 
610 1 |a менеджмент качества 
610 1 |a СМК 
610 1 |a системы менеджмента качества 
610 1 |a качество 
610 1 |a организации 
700 1 |a Браун  |b А. А. 
702 1 |a Калиниченко  |b А. Н.  |c специалист в области неразрушающего контроля  |c доцент Томского политехнического университета, кандидат технических наук   |f 1981-  |g Алексей Николаевич  |4 727  |9 12627 
712 0 2 |a Национальный исследовательский Томский политехнический университет (ТПУ)  |b Институт неразрушающего контроля (ИНК)  |b Кафедра физических методов и приборов контроля качества (ФМПК)  |3 (RuTPU)RU\TPU\col\18709 
801 2 |a RU  |b 63413507  |c 20150227  |g RCR 
856 4 |u http://www.lib.tpu.ru/fulltext/c/2014/C47/V2/011.pdf 
942 |c BK